000 00310nam a22001337a 4500
008 180919b xxu||||| |||| 00| 0 eng d
020 _a0397509634
041 _aeng
080 _a610
100 _a5
101 _aANE
245 _aManual Complications During Anesthesia
_cGravenstein.N
942 _2udc
_cBK
999 _c48039
_d48039